000 00619nam a22002297a 4500
999 _c385991
_d385991
001 99670
003 UA-OsUOA
005 20200806114708.0
007 ta
008 20130513b un ||||| |||| 00| 0 ukr d
040 _aUA-OsUOA
_brus
_cUA-OsUOA
_dUA-OsUOA
041 _arus
080 _a821.133.1
090 _a821.133.1
_bС79
100 _aСтендаль
245 _aПармская обитель
_bроман
260 _aТашкент
_bУзбекистан
_c1982
300 _a421 с.
650 7 _a82 Література. Літературознавство
_2UDC
942 _cBK
_2udc
955 _a3